Introduction to the Constitution of India/ (Record no. 204184)

MARC details
000 -LEADER
fixed length control field 00611nam a22001937a 4500
005 - DATE AND TIME OF LATEST TRANSACTION
control field 20240718143857.0
010 ## - LCCN (DPL NO)
LC control number ENG-140889
020 ## - INTERNATIONAL STANDARD BOOK NUMBER
Terms of availability 295.00
International Standard Book Number 9788180389184
035 ## - SYSTEM CONTROL NUMBER
System control number EN-124421
037 ## - SOURCE OF ACQUISITION
Source of stock number/acquisition DBAD
082 ## - DEWEY DECIMAL CLASSIFICATION NUMBER
Classification number 320.54
Edition number 21
100 ## - MAIN ENTRY--PERSONAL NAME
Personal name Basu, Durga Das
245 ## - TITLE STATEMENT
Title Introduction to the Constitution of India/
Statement of responsibility, etc By Durga Das Basu
250 ## - EDITION STATEMENT
Edition statement 21
260 ## - PUBLICATION, DISTRIBUTION, ETC. (IMPRINT)
Place of publication, distribution, etc Gurgaon
Name of publisher, distributor, etc Lexis Nexis
Date of publication, distribution, etc 2013
270 ## - ADDRESS
Address 14th Floor Building N0-10,Tower-B,DLF Cyber City Phase-II
City Gurgaon (Haryana)
Postal code 122002
300 ## - PHYSICAL DESCRIPTION
Extent xxvii,526p.
Dimensions 24cm(pbk)
Other physical details ill
942 ## - ADDED ENTRY ELEMENTS (KOHA)
Source of classification or shelving scheme Dewey Decimal Classification
Item type English Books
Classification part 320.54
Call number suffix BAS
Edition 21
Holdings
Withdrawn status Lost status Not for loan Collection code Home library Current library Date acquired Source of acquisition Cost, normal purchase price Full call number Barcode Copy number Cost, replacement price Koha item type
      Non-fiction Narela Narela 18/07/2024 DBAD 295.00 320.54 BAS EN-124421 1 295.00 English Books

© Delhi Public Library
Hit Counter
free hit counter